Mediace: cesta k efektivnímu řešení konfliktů

Podmienkou úspešného vedenia ľudí, a teda aj ich výkonnosti a motivovanosti, je zdravá a všetkými smermi prebiehajúca komunikácia. Prirodzenou súčasťou komunikácie je konflikt. Úloha manažéra v riešení konfliktovej situácie. Mediácia, facilitácie, ich výhody. Aké spory je možné mediáciou riešiť. Med...

Full description

Saved in:
Bibliographic Details
Main Author: Jilemnická, Jitka
Format: Book Chapter
Language:Czech
Subjects:
Tags: Add Tag
No Tags, Be the first to tag this record!

MARC

LEADER 00000naa$a2200000$$$4500
001 0069079
005 20231019113910.4
041 0 |a cze 
044 |a CZ 
245 1 0 |a Mediace: cesta k efektivnímu řešení konfliktů  |c Jitka Jilemnická 
520 |a Podmienkou úspešného vedenia ľudí, a teda aj ich výkonnosti a motivovanosti, je zdravá a všetkými smermi prebiehajúca komunikácia. Prirodzenou súčasťou komunikácie je konflikt. Úloha manažéra v riešení konfliktovej situácie. Mediácia, facilitácie, ich výhody. Aké spory je možné mediáciou riešiť. Mediácia v praxi, školenie mediátorov v ČR. 
610 2 0 |a prostredie pracovné 
610 2 0 |a tímy pracovné 
610 2 0 |a konflikty 
610 2 0 |a mediácia 
100 1 |a Jilemnická, Jitka